Movie Taglines (1980s Comedies) Quiz Stats

 Plays Quiz Updated Feb 12, 2020

Support Sporcle.
Go Orange.
Score 0/30 Timer 08:00
2 Plays Today
Tagline Movie Title % Correct
Don't get him wet, keep him out of bright light, and never feed him after midnight.Gremlins
78.1%
Be a police officer. All you do is join the farce.Police Academy
73.6%
The army was no laughing matter until Judy Benjamin joined it.Private Benjamin
69.5%
Only their mother can tell them apart. Twins
67.5%
Don't feed the plants.Little Shop of Horrors
67.5%
Can you keep a secret? In the next 72 hours, this desperate, unemployed actor will secretly audition for the lead of a soap opera. And become America's hottest new actress.Tootsie
61.3%
Say it once... Say it twice... But we dare you to say it THREE TIMESBeetlejuice
61.1%
If you can't get a date, make one!Weird Science
59.5%
A lively comedy about a guy who isn't.Weekend at Bernie's
56.1%
One man's struggle to take it easy.Ferris Bueller's Day Off
54.6%
He's crude. He's crass. He's family.Uncle Buck
51%
It's time for the odd to get even!Revenge of the Nerds
48.9%
What he really wanted was to spend Thanksgiving with his family. What he got was three days with the turkey.Planes, Trains & Automobiles
45.8%
Just because Jonathan's fallen in love with a piece of wood, it doesn't make him a dummy.Mannequin
44%
Something wonderful has happened... Number Five is alive!Short Circuit
41.4%
Tagline Movie Title % Correct
The most astonishing, innovative, backyard adventure of all time! Honey, I Shrunk the Kids
40.6%
Meet the model son who's been good too long.Risky Business
39.5%
Three beautiful women. One lucky devil.The Witches of Eastwick
38.6%
A tale of murder, lust, greed, revenge, and seafood.A Fish Called Wanda
32.8%
At last, a comedy with balls!Caddyshack
32.7%
The story of a rebel and his bike.Pee-wee's Big Adventure
32.1%
Have you ever had a really big secret?Big
31%
There's no such thing as an overnight success. Brantley Foster took two weeks. The Secret of My Succe$s
25.5%
Allen Bauer thought he'd never find the right woman... He was only half wrong!Splash
24.6%
It's awesome! Totally awesome!Fast Times at Ridgemont High
22.2%
Sam Stone's wife has just been kidnapped... And he doesn't want her back!Ruthless People
17.8%
They only met once, but it changed their lives forever.The Breakfast Club
16.1%
It's not just a game anymore.Clue
15.7%
Some very funny business.Trading Places
14.6%
Getting even is a full-time job.Nine to Five
13.7%

From the Vault

Simpsons Slot Machine

by druhutch

Everything is coming up Milhouse!
Remove Ads.
Support Sporcle.
Get the best of Sporcle when you Go Orange. This ad-free experience offers more features, more stats, and more fun while also helping to support Sporcle. Thank you for becoming a member.

Show Comments

Extras

Top Quizzes Today


Score Distribution

Your Account Isn't Verified!

In order to create a playlist on Sporcle, you need to verify the email address you used during registration. Go to your Sporcle Settings to finish the process.

Report this User

Report this user for behavior that violates our Community Guidelines.

Details: